Altri Amori 13 racconti lesbici

में बचाया:
ग्रंथसूची विवरण
मुख्य लेखक: Autori Vari
स्वरूप: पुस्तक
भाषा:अंग्रेज़ी
प्रकाशित: Roma Malatempora
टैग: टैग जोड़ें
कोई टैग नहीं, इस रिकॉर्ड को टैग करने वाले पहले व्यक्ति बनें!

MARC

LEADER 00000nam a2200000 4500
005 20240710185611.0
008 240710b |||||||| |||| 00| 0 eng d
040 |c GP 
100 |a Autori Vari 
245 |a Altri Amori  |b 13 racconti lesbici 
260 |a Roma  |b Malatempora 
942 |2 ddc  |c BK  |n 0 
952 |0 0  |1 0  |2 ddc  |4 0  |6 853_920000000000000_VAR  |7 1  |9 1613  |a RM  |b RM  |d 2024-07-10  |l 0  |o 853.92 VAR  |p 373  |r 2024-07-10 18:56:30  |w 2024-07-10  |y BK 
999 |c 1432  |d 1432